| 000 | 00791nam a2200217Ia 4500 | ||
|---|---|---|---|
| 003 | GCL | ||
| 008 | 140319s9999 xx 000 0 eng d | ||
| 020 | _a094402950 | ||
| 040 |
_aGCL / _cGCL |
||
| 082 | 0 | 4 |
_a327.56 _bF P |
| 100 | 1 | _aSTALEY, KIMBERLY | |
| 245 | 1 | 0 |
_aPEACEWATCH ANTHOLOGY : _bANALYSIS OF THE ARAB - ISRAELI PEACE PROCESS FROM THE MADRID PEACE CONFERENCE TO THE AVE OF PRESIDENT CLINTON'S INAUGURATION / _cSTALEY, KIMBERLY |
| 700 | 1 | _aFEUERWERGER, MARVIN | |
| 700 | 1 | _aINDYKE, MARTIN | |
| 260 |
_a[S.N] : _bWASHINGTON INSTITUTE FOR NEAR EAST POLICY ، _c1993 |
||
| 300 |
_aX11, 173 P _bILLS. ؛ _c28 cm. |
||
| 650 | 0 | 4 | _aMIDDLE EAST - FORIEGN RELATION |
| 650 | 0 | 4 | _aISRAEL - ARAB CONFLICT |
| 650 | 0 | 4 | _aDIPLOMATIC NEGOTIATIONS IN INTERNAITONAL DISPUTES |
| 942 |
_2ddc _cBK |
||
| 999 |
_c4723 _d4723 |
||